Secondary physics: (Record no. 31989)

000 -LEADER
fixed length control field 00532nam a22001577a 4500
008 - FIXED-LENGTH DATA ELEMENTS--GENERAL INFORMATION
fixed length control field 240517b |||||||| |||| 00| 0 eng d
020 ## - INTERNATIONAL STANDARD BOOK NUMBER
International Standard Book Number 9789966651624
050 ## - LIBRARY OF CONGRESS CALL NUMBER
Classification number QC23
Item number .K56 2018
245 ## - TITLE STATEMENT
Title Secondary physics:
Remainder of title Form Three students' book /
Statement of responsibility, etc. Kenya Literature Bureau
250 ## - EDITION STATEMENT
Edition statement 5th ed.
260 ## - PUBLICATION, DISTRIBUTION, ETC. (IMPRINT)
Place of publication, distribution, etc. Nairobi :
Name of publisher, distributor, etc. Kenya literature,
Date of publication, distribution, etc. 2018.
300 ## - PHYSICAL DESCRIPTION
Extent vii,247p. :
Other physical details ill.
500 ## - GENERAL NOTE
General note Approved by Kenya institute of curriculum development
650 ## - SUBJECT ADDED ENTRY--TOPICAL TERM
Topical term or geographic name as entry element Physics.
942 ## - ADDED ENTRY ELEMENTS (KOHA)
Source of classification or shelving scheme
Koha item type Africana (Books)
Classification part QC23 .K56 2018
Holdings
Withdrawn status Lost status Source of classification or shelving scheme Damaged status Not for loan Home library Current library Shelving location Date acquired Source of acquisition Cost, normal purchase price Total Checkouts Full call number Barcode Date last seen Date last checked out Price effective from Koha item type
          MACHAKOS UNIVERSITY LIBRARY MACHAKOS UNIVERSITY LIBRARY Africana 02/05/2024 Cooperative Campus 970.00 3 QC23 .K56 2018 39812 12/09/2025 12/09/2025 17/05/2024 Africana (Books)
© Machakos University Library, Along The Highway, Machakos Wote Rd, Machakos, Kenya P.O. Box 136 - 90100 Machakos - Kenya

Tel: ( +254 ) 723 805829 OR Fax : 044-20353 OR Email: library@mksu.ac.ke